| 000 | 00345nam a2200133Ia 4500 | ||
|---|---|---|---|
| 008 | 240624s9999 xx 000 0 und d | ||
| 041 | _aeng | ||
| 082 | _a152.4 SEH | ||
| 100 | _aSEGAL JEANNE | ||
| 245 | _aLANGUAGE OF EMOTIONAL INTELLIGENCE | ||
| 260 |
_c2008 _aNew York _bMcGraw-Hill Education |
||
| 300 | _a225 : p. : cm. ; 21 | ||
| 365 |
_c _b30 |
||
| 999 |
_c11109 _d11109 |
||